000 00339nam a22001337a 4500
999 _c55075
_d55075
008 200205b ||||| |||| 00| 0 eng d
041 _aeng
080 _2043.3
_a043.3
082 _a043.3
100 _a0
101 _aMTH
245 _aEvaulimi i Sistemit të Menaxhimit të Informatave në Arsim në Kosovë
_cGashi,L
942 _2udc
_cBK